| 000 | 01102cam a2200289 a 4500 | ||
|---|---|---|---|
| 999 |
_c60422 _d60422 |
||
| 001 | 16795489 | ||
| 005 | 20230714115257.0 | ||
| 008 | 110524s2012 enka b 001 0 eng | ||
| 010 | _a 2011022190 | ||
| 020 | _a9780195395525 (hardcover : alk. paper) | ||
| 040 |
_aDLC _cDLC _dDLC |
||
| 042 | _apcc | ||
| 050 | 0 | 0 |
_aRC386.6.N48 _bL49 2012 |
| 080 | _a616.89 N-89 | ||
| 245 | 0 | 0 |
_aNeuropsychological assessment / _cMuriel D. Lezak ... [et al.]. |
| 250 | _a5th ed. | ||
| 260 |
_aOxford ; _aNew York : _bOxford University Press, _cc2012. |
||
| 300 |
_axxv, 1161 p. : _bill. (some col.) ; _c28 cm. |
||
| 504 | _aIncludes bibliographical references (p. 873-1122) and indexes. | ||
| 650 | 0 |
_aNeuropsychological tests. _919339 |
|
| 653 | _aნეიროფსიქოლოგიური შეფასება | ||
| 700 | 1 |
_aLezak, Muriel Deutsch. _919340 |
|
| 700 | 1 |
_aავტორი და სხვ.. _918323 |
|
| 906 |
_a7 _bcbc _corignew _d1 _eecip _f20 _gy-gencatlg |
||
| 942 |
_2udc _cBK |
||
| 955 |
_bxh11 2011-05-24 _ixh11 2011-05-24 to Dewey _axn03 2012-04-23 1 copy rec'd., to CIP ver. |
||